| 000 | 01704nam a2200445 i 4500 | ||
|---|---|---|---|
| 001 | DIGOVENEG455 | ||
| 003 | NyNyDIG | ||
| 006 | m o d | ||
| 007 | cr ||||||||||| | ||
| 008 | 230103s2022 ck a ob 000 0 spa d | ||
| 035 | _a(OCoLC)1367361149 | ||
| 040 |
_aDGITA _beng _erda _epn _cDGITA |
||
| 020 | _z9789580614661 | ||
| 043 | _as-ck--- | ||
| 050 | 1 | 4 | _aF2279 ebook |
| 100 | 1 |
_aPetro, Gustavo, _d _eauthor. |
|
| 245 | 1 | 4 |
_aLos Gustavos : _bcolumnas : el programa donde nació el Pacto Histórico / _cGustavo Petro, Gustavo Bolívar. |
| 264 | 1 |
_aBogotá : _bEditorial Oveja Negra, _c[2022] |
|
| 300 |
_a1 online resource : _billustrations. |
||
| 336 |
_atext _2rdacontent |
||
| 337 |
_acomputer _bc _2rdamedia |
||
| 338 |
_aonline resource _bcr _2rdacarrier |
||
| 347 |
_atext file _2rdaft |
||
| 347 | _bEPUB | ||
| 347 | _bPDF | ||
| 504 | _aIncludes bibliographical references. | ||
| 588 | 0 | _aOnline resource; title from ePub title page (Digitalia, viewed January 3, 2023) | |
| 600 | 1 | 0 |
_aPetro, Gustavo _xPolitical and social views. |
| 600 | 1 | 0 |
_aBolívar Moreno, Gustavo _xPolitical and social views. |
| 650 | 0 |
_aCoalitions _zColombia. |
|
| 651 | 0 |
_aColombia _xEconomic policy. |
|
| 651 | 0 |
_aColombia _xPolitics and government. |
|
| 700 | 1 |
_aBolívar Moreno, Gustavo, _eauthor. |
|
| 776 | 0 | 8 |
_iPrint version: _aPetro, Gustavo. _tGustavos. _b1a edición. _dBogotá : Editorial Oveja Negra, Editorial, [2022] _z9789580614661 |
| 791 | 2 |
_aDigitalia (Firm), _edistributor. |
|
| 793 | 0 |
_gDigitalia eBook Collection: _aEditorial Oveja Negra |
|
| 856 | 4 | 0 |
_3Digitalia Hispánica _uhttps://www.digitaliapublishing.com/a/113531/ |
| 910 | _aPremium Collection: 2023 | ||
| 942 | _cRAA | ||
| 999 |
_c274343 _d274343 |
||